| 000 | 01004 a2200229 4500 | ||
|---|---|---|---|
| 001 | 48104 | ||
| 005 | 20260407155747.0 | ||
| 008 | 260407a2007 arg spa d | ||
| 003 | AR-UNSa-BCEJYS | ||
| 040 |
_aAR-UNSa-BCEJYS _bspa _cAR-UNSa-BCEJYS |
||
| 080 |
_a658.011.56 _xAutomatización |
||
| 245 | 1 | 0 |
_aSistemas de información como herramienta competitiva _pun enfoque integrador |
| 020 | _a978-950-9445-49-9 | ||
| 264 | 1 |
_aBuenos Aires : _bTemas Grupo Editorial _c2007 |
|
| 300 |
_a223 p. _c22 cm. |
||
| 505 | _a1. Información y sistemas: un mundo cambiante - 2. Evaluación estratégica de inversiones en tecnología informática - 3. Análisis de datos - 4. Análisis de datos - 5. Transacciones Seguras e intercambio de información - 6. Alineamiento estratégico. | ||
| 041 | _aspa | ||
| 942 | _cBK | ||
| 590 | _aniveau_biblio:m niveau_hierar:0 | ||
| 100 | 1 | _aPungitore, José Luis | |
| 856 | 4 | 1 |
_uhttps://www.biblioeco.unsa.edu.ar/pmb/images/libros/L127837.jpg _yImagen de portada _qimage/jpeg |
| 999 |
_c4543 _d4543 |
||